Handbook of alternative materials in residential construction / (Record no. 175641)

MARC details
000 -LEADER
fixed length control field 00843nam a2200253 4500
001 - CONTROL NUMBER
control field vtls001441660
003 - CONTROL NUMBER IDENTIFIER
control field MY-SjTCS
005 - DATE AND TIME OF LATEST TRANSACTION
control field 20200226121042.0
008 - FIXED-LENGTH DATA ELEMENTS--GENERAL INFORMATION
fixed length control field 110218 1998 00 eng
020 ## - INTERNATIONAL STANDARD BOOK NUMBER
International Standard Book Number 0070119783
039 #9 - LEVEL OF BIBLIOGRAPHIC CONTROL AND CODING DETAIL [OBSOLETE]
Level of rules in bibliographic description 201909271633
Level of effort used to assign nonsubject heading access points dianafitri
Level of effort used to assign subject headings 201102181216
Level of effort used to assign classification VLOAD
-- 200407271857
-- VLOAD
082 04 - DEWEY DECIMAL CLASSIFICATION NUMBER
Classification number 691
Item number BYN
100 #0 - MAIN ENTRY--PERSONAL NAME
Personal name Bynum, Richard T.
9 (RLIN) 8140
245 10 - TITLE STATEMENT
Title Handbook of alternative materials in residential construction /
Statement of responsibility, etc. Richard T. Bynum, Daniel L. Rubino
260 ## - PUBLICATION, DISTRIBUTION, ETC.
Place of publication, distribution, etc. New York :
Name of publisher, distributor, etc. McGraw-Hill,
Date of publication, distribution, etc. 1998
300 ## - PHYSICAL DESCRIPTION
Extent xx, various pagination ;
Dimensions 24 cm.
500 ## - GENERAL NOTE
General note Includes index.
650 #0 - SUBJECT ADDED ENTRY--TOPICAL TERM
Topical term or geographic name entry element Appropriate technology.
9 (RLIN) 8141
650 #0 - SUBJECT ADDED ENTRY--TOPICAL TERM
Topical term or geographic name entry element Building materials.
650 #0 - SUBJECT ADDED ENTRY--TOPICAL TERM
Topical term or geographic name entry element Dwellings
General subdivision Materials.
650 #0 - SUBJECT ADDED ENTRY--TOPICAL TERM
Topical term or geographic name entry element House construction.
9 (RLIN) 6048
700 1# - ADDED ENTRY--PERSONAL NAME
Personal name Rubino, Daniel L.
Relator term (j.a.)
9 (RLIN) 94115
920 ## - Programme
Programme BRI 522355
Holdings
Withdrawn status Lost status Source of classification or shelving scheme Damaged status Not for loan Home library Current library Date acquired Total Checkouts Barcode Date last seen Date last checked out Copy number Uniform Resource Identifier Koha item type Public note
    Dewey Decimal Classification     Taylor's Library-TU Taylor's Library-TU 27/07/2004 32 5000097419 12/12/2019 29/11/2017 1 Floor 4, Shelf 29 , Side 1, TierNo 1, BayNo 4 Main Collection SABDx,23002,03,CL